Statistics for CALVIN HARRIS's Songs

Click here to take the quiz!

General Stats

  • This quiz has been taken 27 times
    (22 since last reset)
  • The average score is 9 of 20

Answer Stats

Answer% Correct
SUMMER : 1.5Mds de vues
90%
ONE KISS : 849M de vues
86%
THIS IS WHAT YOU CAME FOR : 2.6Mds de vues
86%
FEELS : 663M de vues
62%
HOW DEEP IS YOUR LOVE : 1.5Mds de vues
62%
BLAME : 808M de vues
52%
I NEED YOUR LOVE : 825M de vues
48%
GIANT : 312M de vues
43%
OUTSIDE : 644M de vues
43%
PROMISES : 284M de vues
43%
WE FOUND LOVE : 1Md de vues
43%
SWEET NOTHING : 358M de vues
38%
SLIDE : 165M de vues
33%
MY WAY : 448M de vues
29%
FEEL SO CLOSE : 300M de vues
24%
UNDER CONTROL : 270M de vues
24%
WE'LL BE COMING BACK : 104M de vues
19%
BURNIN' : 95M de vues
14%
PRAY TO GOD : 85M de vues
14%
THINKING ABOUT YOU : 132M de vues
14%

Score Distribution

Percentile by Number Answered

Percent of People with Each Score

Your Score History

You have not taken this quiz since the last reset